Tuxtla en las primeras décadas del siglo XX (Record no. 10166)

MARC details
000 -CABECERA
campo de control de longitud fija 00924nam a2200217 a 4500
001 - NÚMERO DE CONTROL
campo de control BRL_1354
005 - FECHA Y HORA DE LA ÚLTIMA TRANSACCIÓN
campo de control 20190320211150.0
008 - DATOS DE LONGITUD FIJA--INFORMACIÓN GENERAL
campo de control de longitud fija 080114s1992----mx-a######---#000-0#spa-#
020 ## - NÚMERO INTERNACIONAL ESTÁNDAR DEL LIBRO
Número Internacional Estándar del Libro 9686492534
041 ## - CÓDIGO DE LENGUA
Código de lengua del texto/banda sonora o título independiente spa
044 ## - CÓDIGO DEL PAÍS DE LA ENTIDAD EDITORA/PRODUCTORA
Código MARC del país mx
050 #4 - SIGNATURA TOPOGRÁFICA DE LA BIBLIOTECA DEL CONGRESO
Número de clasificación F1391.T9
Número de documento/Ítem .M37 1992
100 1# - ENTRADA PRINCIPAL--NOMBRE DE PERSONA
Nombre de persona Martínez V., Manuel de J.
Fechas asociadas al nombre 1913-2012
Forma completa/desarrollada del nombre (Manuel de Jesús Martínez Vázquez)
9 (RLIN) 26621
245 10 - MENCIÓN DE TÍTULO
Título Tuxtla en las primeras décadas del siglo XX
Resto del título Brujos y visiones de mi tierra
Mención de responsabilidad, etc. Manuel de J. Martínez V.
260 ## - PUBLICACIÓN, DISTRIBUCIÓN, ETC.
Lugar de publicación, distribución, etc. Tuxtla Gutiérrez, Chiapas
Nombre del editor, distribuidor, etc. Gobierno del Estado de Chiapas, Consejo Estatal de Fomento a la Investigación y Difusión de la Cultura, DIF-Chiapas/Instituto Chiapaneco de Cultura
Fecha de publicación, distribución, etc. 1992
300 ## - DESCRIPCIÓN FÍSICA
Extensión 104 p.
Otras características físicas il.
Dimensiones 22 cm.
651 #4 - PUNTO DE ACCESO ADICIONAL DE MATERIA--NOMBRE GEOGRÁFICO
Nombre geográfico Tuxtla Gutiérrez (México)
Subdivisión general Historia
9 (RLIN) 26622
651 #4 - PUNTO DE ACCESO ADICIONAL DE MATERIA--NOMBRE GEOGRÁFICO
Nombre geográfico Tuxtla Gutiérrez (México)
Subdivisión general Vida social y costumbres
9 (RLIN) 26623
740 0# - PUNTO DE ACCESO ADICIONAL--TÍTULO RELACIONADO O ANALÍTICO NO CONTROLADO
Título relacionado o analítico no controlado Brujos y visiones de mi tierra
942 ## - ELEMENTOS DE PUNTO DE ACCESO ADICIONAL (KOHA)
Fuente del sistema de clasificación o colocación Library of Congress Classification
Tipo de ítem Koha Libros
Holdings
Estado de retiro Estado de pérdida Estado dañado No para préstamo Localización permanente Ubicación/localización actual Fecha de adquisición Total de préstamos Signatura topográfica completa Código de barras Fecha visto por última vez Precio válido a partir de Tipo de ítem Koha
El ejemplar forma parte de la colección y puede ser consultado según las políticas vigentes.       Biblioteca Centro de Estudios Ruth D. Lechuga Biblioteca Centro de Estudios Ruth D. Lechuga 08/01/2014   F1391.T9 .M37 1992 00027 22/03/2019 22/03/2019 Libros